QUEST Central Library Banner

Surveying 1 (Record no. 58098)

MARC details
000 -LEADER
fixed length control field 00296nam a22001337a 4500
020 ## - INTERNATIONAL STANDARD BOOK NUMBER
ISBN 9789350145920
082 ## - DEWEY DECIMAL CLASSIFICATION NUMBER
Classification number 526.9SON
100 ## - MAIN ENTRY--AUTHOR NAME
Personal name Soni, Saurabh Kumar
245 ## - TITLE STATEMENT
Title Surveying 1
260 ## - PUBLICATION, DISTRIBUTION, ETC. (IMPRINT)
Place of publication New Delhi:
Name of publisher Kataria and Sons,
Year of publication 2016.
300 ## - PHYSICAL DESCRIPTION
Number of Pages 363p. ;
650 ## - SUBJECT ADDED ENTRY--TOPICAL TERM
Topical Term Surveying
942 ## - ADDED ENTRY ELEMENTS (KOHA)
Koha item type Books
Holdings
Withdrawn status Lost status Home library Current library Shelving location Date acquired Cost, normal purchase price Full call number Accession Number Koha item type
    Central Library, QUEST, Nawabshah Central Library, QUEST, Nawabshah   06/12/2017 511.00 526.9SON 57166 Books
    Reference Section Reference Section Reference 02/11/2017 512.00 526.9SON (Shelf - 31D) 57083 Books

Copyright © 2018,The QUEST, Nawabshah, Shaheed Benazirabad. All rights reserved
Mr. G. Farooq Channar (Librarian) QUEST, Nawabshah, Sindh, Pakistan 67480.
 Ph#: |   0244-9370381-4 Ext. 2308   Email| lib@quest.edu.pk   Web|  http://www.quest.edu.pk